|
|
|
|
| LEADER |
00000cam a2200000 a 4500 |
| 001 |
vtls008400621 |
| 003 |
SK-MaSNL |
| 005 |
20260302074752.0 |
| 008 |
230403s1954 xo oa er 010 0 slo |
| 015 |
|
|
|a SNBA19451955-012021
|
| 020 |
|
|
|q (brožované)
|
| 035 |
|
|
|a SK01SNKBKSFS20020092838
|
| 035 |
|
|
|a F7258E5D-3747-4943-BBEE-9708F8D43919
|
| 035 |
|
|
|a urn:nbn:sk:snk-am00dkig
|
| 035 |
|
|
|a urn:nbn:sk:snk-am3hxd8
|
| 035 |
|
|
|a 02171939-0302-4795-B17C-B7E4239683A7
|
| 035 |
|
|
|a urn:nbn:sk:snk-am00dcci
|
| 035 |
|
|
|a SKM000095301
|
| 040 |
|
|
|a SNK
|b slo
|c SNK
|e AACR2
|
| 041 |
0 |
|
|a slo
|
| 044 |
|
|
|a xo
|c SK
|
| 072 |
|
7 |
|a 616.31
|x Stomatológia
|2 konspekt
|
| 080 |
|
|
|a 616.31
|2 2011
|
| 080 |
|
|
|a 616-08
|2 2011
|
| 080 |
|
|
|a (048.8)
|2 2011
|
| 100 |
1 |
|
|a Šimek, Josef,
|d 1913-1961
|4 aut
|9 207850
|
| 245 |
1 |
0 |
|a Ortodoncia v praxi
|c Jozef Šimek
|
| 250 |
|
|
|a 1. vyd.
|
| 260 |
|
|
|a Bratislava
|b Vydavateľstvo Slovenskej akadémie vied
|c 1954
|e Bratislava
|f Grafické tlačiarne
|
| 300 |
|
|
|a 94 strán
|b fotografie, ilustrácie
|c 22 cm
|e 1 voľná príloha (43 strán obrazových príloh)
|
| 366 |
|
|
|e 2000 kusov
|
| 650 |
0 |
7 |
|a ortodoncia
|2 SNKPH
|9 19517
|
| 650 |
0 |
7 |
|a terapia
|2 SNKPH
|9 781
|
| 650 |
0 |
7 |
|a Orthodontics
|2 SNKPHeng
|9 439838
|
| 650 |
0 |
7 |
|a Therapy
|2 SNKPHeng
|9 267006
|
| 655 |
|
7 |
|a monografie
|2 SNKPH
|9 70139
|
| 655 |
|
7 |
|a Monographs
|2 SNKPHeng
|9 120675
|
| 852 |
|
|
|a Slovenská národná knižnica
|
| 954 |
|
|
|a odborná, vedecká literatúra pôvodná (slovenská)
|2 lita
|
| 958 |
|
|
|a RK
|
| 958 |
|
|
|a TL
|
| 958 |
|
|
|a MI
|
| 958 |
|
|
|a OND
|
| 958 |
|
|
|a EUIPO
|
| 999 |
|
|
|c 1166415
|d 1168345
|
| 952 |
|
|
|a SNK
|b SNK
|y PREZ
|7 0
|p 17A0781870
|o snkSC 5241
|i snk1226/54
|3 Roztrhnutá obálka knihy
|0 0
|1 0
|4 0
|d 2019-03-15
|f 1
|l 0
|r 2025-07-04 00:00:00
|w 2026-02-24
|
| 952 |
|
|
|a SNK
|b SNK
|y PREZ
|7 0
|p 17A1154329
|o snkSC 5241/pril.
|i snk1226/54
|3 Príloha: 1ks obrázková príloha, brožovaná 43 str.
|z Príloha: 1ks obrázková príloha, brožovaná 43 str.
|0 0
|1 0
|4 0
|d 2019-04-04
|f 1
|l 0
|r 2025-07-04 00:00:00
|w 2026-02-24
|